Význam banskej krajiny ako kultúrneho dedičstva

Podrobná bibliografia
Hlavní autori: Jančura, Peter (Author), Slámová, Martina (Author)
Médium: Článok
Jazyk:Slovak
Témy:
On-line prístup:http://147.213.211.222/sites/default/files/2014_2_115_117_Jancura_Slamova.pdf
Zdroj: 1. Životné prostredie (revue pre teóriu a starostlivosť o životné prostredie) 1. Roč. 48, č. 2 (2014), s. 115-117 1. 0044-4863
LEADER 01305nab#a2200445#ar4500
001 000123821
003 SVKKK
005 20180821134220.0
008 180821c2014 xo |||||||||||||||b|slo
FMT
015 |a SNBRB2018/08 
038 |a SVKKK 
040 |a SVKKK  |b slo  |e AACR2 
041 0 |a slo  |b eng 
044 |a xo  |c SK 
080 |a 622  |2 2011 
080 |a 930.85  |2 2011 
080 |a 502.5  |2 2011 
100 1 |a Jančura, Peter  |4 aut 
245 1 0 |a Význam banskej krajiny ako kultúrneho dedičstva  |c Peter Jančura, Martina Slámová 
246 3 1 |a Importance of the Mining Landscape as a Cultural Heritage 
300 |b Obr., tab. 
504 |a Bibliogr. odkazy 
546 |a Res. angl. 
650 0 4 |a baníctvo 
650 0 4 |a banská krajina 
650 0 4 |a kultúrne dedičstvo 
651 4 |a Kremnica (Slovensko) 
651 4 |a Ľubietová (Slovensko) 
651 4 |a Nižná Boca (Slovensko) 
700 1 |a Slámová, Martina  |4 aut 
773 0 |t Životné prostredie (revue pre teóriu a starostlivosť o životné prostredie)  |g Roč. 48, č. 2 (2014), s. 115-117  |x 0044-4863 
958 |a NB 
974 |a Va 
992 |a RBX 
BAS
852 |a SVKKK  |b BIB 
856 4 1 |u http://147.213.211.222/sites/default/files/2014_2_115_117_Jancura_Slamova.pdf 
EXP
998 |a BAN